Arbitration step by step / (Record no. 97755)

MARC details
000 -LEADER
fixed length control field 00689nam a22002177a 4500
005 - DATE AND TIME OF LATEST TRANSACTION
control field 20151207160120.0
010 ## - LCCN (DPL NO)
LC control number ENG-114281
020 ## - INTERNATIONAL STANDARD BOOK NUMBER
Terms of availability 795.00
International Standard Book Number 9788180387340
035 ## - SYSTEM CONTROL NUMBER
System control number EN-97813
037 ## - SOURCE OF ACQUISITION
Source of stock number/acquisition DBAD/PUB
082 ## - DEWEY DECIMAL CLASSIFICATION NUMBER
Classification number 347.5409
100 ## - MAIN ENTRY--PERSONAL NAME
Personal name Markanda, P.C.
245 ## - TITLE STATEMENT
Title Arbitration step by step /
Statement of responsibility, etc by P.C. Markanda, Naresh Markanda [and] Rajesh Markanda
260 ## - PUBLICATION, DISTRIBUTION, ETC. (IMPRINT)
Place of publication, distribution, etc Gurgaon
Name of publisher, distributor, etc LexisNexis
Date of publication, distribution, etc 2012
270 ## - ADDRESS
Address 14th Floor, Building No.10, Tower-B, DLF Cyber City, Phase II
City Gurgaon
Postal code 122002
300 ## - PHYSICAL DESCRIPTION
Extent lxviii,455p.
Dimensions 25cm(Hb)
500 ## - GENERAL NOTE
General note Includes index
700 ## - ADDED ENTRY--PERSONAL NAME
Personal name Markanda, Naresh
700 ## - ADDED ENTRY--PERSONAL NAME
Personal name Markanda, Rajesh
942 ## - ADDED ENTRY ELEMENTS (KOHA)
Source of classification or shelving scheme Dewey Decimal Classification
Item type English Books
Call number suffix MAR
Classification part 347.5409
Holdings
Withdrawn status Lost status Not for loan Collection code Home library Current library Date acquired Source of acquisition Cost, normal purchase price Full call number Barcode Copy number Cost, replacement price Koha item type
    Not For Loan Non-fiction D.B.Act.Division D.B.Act.Division 13/10/2015 DBAD/PUB 795.00 347.5409 MAR EN-97813 1 795.00 English Books

© Delhi Public Library
Hit Counter
free hit counter